000 00304nam a2200121 i 4500
001 bg
245 0 _aPodstawy projektowania technologii i organizacji montażu w budownictwie.
260 _aKraków,
_c1976.
040 _cBPK
041 _apol
942 _cKS
008 s pl f |000 0 pol
999 _c17086
_d17086
856 _uhttp://koha.tu.koszalin.pl/cgi-bin/koha/opac-detail.pl?biblionumber=17086
_yKatalog online BPK